000 02050cam a2200469 i 4500
001 sjds20482634
003 sjds
005 20230207180043.0
008 180504s2018 nyua j 000 0aeng
010 _a 2018012361
020 _a9780525515494 (hardback)
040 _aDLC
_beng
_cDLC
_erda
_dDLC
041 _aspa
042 _apcc
043 _an-us---
050 0 0 _aKF8745.S67
_bA3 2018b
082 0 0 _a347.73/2634
_aB
_223
084 _aJNF007070
_aJNF007120
_aJNF018030
_2bisacsh
100 1 _aSotomayor, Sonia,
_d1954-
_eauthor.
240 1 0 _aTurning pages.
_lSpanish
245 1 0 _aPasando páginas : la historia de mi vida /
_cSonia Sotomayor ; ilustrado por Lulu Delacre, traducido por Teresa Mlawer.
250 _aFirst Spanish language edition, 2018.
260 _aNew York, NY :
_bPhilomel Books,
_c2018.
264 1 _aNew York, NY :
_bPhilomel Books,
_c2018.
300 _a32 unnumbered pages :
_bcolor illustrations ;
_c28 cm
336 _atext
_btxt
_2rdacontent
337 _aunmediated
_bn
_2rdamedia
338 _avolume
_bnc
_2rdacarrier
500 _aLC copy 1 signed by author.
_5DLC
520 _a"A Spanish translation of the picture book autobiography of Sonia Sotomayor, Turning Pages"--
_cProvided by publisher.
600 1 0 _aSotomayor, Sonia,
_d1954-
_vJuvenile literature.
610 1 0 _aUnited States.
_bSupreme Court
_xOfficials and employees
_vBiography
_vJuvenile literature.
650 0 _aHispanic American judges
_vBiography
_vJuvenile literature.
650 0 _aJudges
_zUnited States
_vBiography
_vJuvenile literature.
650 7 _aJUVENILE NONFICTION / Biography & Autobiography / Political.
_2bisacsh
650 7 _aJUVENILE NONFICTION / Biography & Autobiography / Women.
_2bisacsh
650 7 _aJUVENILE NONFICTION / People & Places / United States / Hispanic & Latino.
_2bisacsh
700 1 _aDelacre, Lulu,
_eillustrator.
700 1 _aMlawer, Teresa,
_ttranslator.
765 0 _aSotomayor, Sonia, 1954- .
_tTurning pages.
_dNew York : Philomel Books, 2018.
_w2018007247.
_z9780525514084.
942 _cBK
999 _c24771
_d24771